• 首页
  • 本馆介绍
  • 公告通知
  • 最新文献
  • 馆藏检索
  • 电子资源
  • 读者导购
  • 参考咨询
  • 我的图书馆
  • 登录
  • 详细信息显示
  • 放入我的书架
  • 预约/预借图书
  • 作者相关作品
  • 分类相关作品
  • 丛书相关作品
  • 出版社相关作品

书目信息

  • 表格格式
  • 工作单格式
  • 卡片格式
题名:
实验应力分析
    
 
作者: 张如一 , 陆耀桢 主编
分册:  
出版信息: 北京   机械工业出版社  1981
页数: 356页
开本: 25cm
丛书名:
单 册:
中图分类: O348
科图分类:
主题词: 实验应力分析--高等学校--教材
电子资源:
ISBN:
000 00717nam0 2200265 45
001 0181004908
005 20040920151807.7
010    @dCNY2.35
091    @a15033.5069
100    @a19950622d1981 em y0chiy0121 ea
101 0  @achi
102    @aCN@b110000
105    @ay z 000yy
106    @ar
200 10 @a实验应力分析@Ashi yan ying li fen xi@f张如一,陆耀桢主编
210    @a北京@c机械工业出版社@d1981
215    @a356页@d25cm
300    @a高等学校试用教材
606    @a实验应力分析@x高等学校@x教材
690    @aO348@v3
701  0 @a张如一@Azhang ru yi@4主编
701  0 @a陆耀桢@Alu yao zhen@4主编
801  0 @aCN@b上海图书馆@c20040518
801  2 @aCN@bNLC@c20040518
905    @dO348@e2@f1@b105829
    
    实验应力分析/张如一,陆耀桢主编.-北京:机械工业出版社,1981
    356页;25cm
    高等学校试用教材
    
    ISBN :CNY2.35
    
●
相关链接 在E读中查询图书 在五车中查询图书 在当当中查询图书 在豆瓣中查询图书


正题名:实验应力分析     索取号:O348/2         预约/预借

序号 登录号 条形码 馆藏地/架位号 状态 备注
1 0105828   000385817   第三借阅区/ [索取号:O348/2] 在馆    
2 0105829   001960694   第三借阅区/ [索取号:O348/2] 在馆    
3 0105830   202093689   第二样本阅览室/ [索取号:O348/2] 在馆    
唐山师范学院图书馆 欢迎您!
大连网信软件有限公司© 版权所有